Les vainqueurs de la Coupe du Monde de football - Statistiques

Statistiques générales
  • Ce quiz a été pris 2 290 fois
    2 207 depuis la dernière actualisation
  • Le résultat moyen est 8 sur 8
Statistiques - réponses
Pays Nombre de CDM gagnée.s (édition.s) % Correct
Brésil 5 (1958, 1962, 1970, 1994, 2002)
100%
France 2 (1998, 2018)
98%
Allemagne 4 (1954, 1974, 1990, 2014)
97%
Italie 4 (1934, 1938, 1982, 2006)
96%
Argentine 3 (1978, 1986, 2022)
94%
Espagne 1 (2010)
94%
Uruguay 2 (1930, 1950)
90%
Angleterre 1 (1966)
83%
Aucun quiz correspondant
Distribution des résultats
% des personnes avec chaque résultat
Percentile par nombre de réponses
Votre historique - résultats
Vous n’avez pas pris ce quiz depuis la dernière actualisation